Municipalities of Wakayama - Click Map - Statistics

General Stats
  • This quiz has been taken 6 times
  • The average score is 22 of 30
Answers on the Map
Answers color-coded by a green-red scale on the quiz's map according to % correct below.
 
Answer Stats
Answer % Correct
Hashimoto 橋本市 はしもとし
100%
Hidakagawa 日高川町 ひだかがわちょう
100%
Kainan 海南市 かいなんし
100%
Katsuragi かつらぎ町 かつらぎちょう
100%
Kinokawa 紀の川市 きのかわし
100%
Kudoyama 九度山町 くどやまちょう
100%
Kushimoto 串本町 くしもとちょう
100%
Shingu 新宮市 しんぐうし
100%
Wakayama 和歌山市 わかやまし
100%
Arida 有田市 ありだし
67%
Aridagawa 有田川町 ありだがわちょう
67%
Gobo 御坊市 ごぼうし
67%
Hidaka 日高町 ひだかちょう
67%
Inami 印南町 いなみちょう
67%
Iwade 岩出市 いわでし
67%
Kamitonda 上富田町 かみとんだちょう
67%
Kitayama 北山村 きたやまむら
67%
Koya 高野町 こうやちょう
67%
Kozagawa 古座川町 こざがわちょう
67%
Minabe みなべ町 みなべちょう
67%
Nachikatsuura 那智勝浦町 なちかつうらちょう
67%
Shirahama 白浜町 しらはまちょう
67%
Susami すさみ町 すさみちょう
67%
Taiji 太地町 たいじちょう
67%
Tanabe 田辺市 たなべし
67%
Yura 由良町 ゆらちょう
67%
Hirogawa 広川町 ひろがわちょう
33%
Kimino 紀美野町 きみのちょう
33%
Mihama 美浜町 みはまちょう
33%
Yuasa 湯浅町 ゆあさちょう
33%
No matching quizzes found
Score Distribution
Percent of People with Each Score
Percentile by Number Answered
Your Score History
You have not taken this quiz